00618nam a2200133Ia 4500008004100000050002500041100003600066245019400102260004500296300004100341500005600382650001600438650003000454150609s9999 xx 000 0 und d aHD 57.7 b.V453 2015 aVelasquez, Kristel Roelandz O.  aLeadership styles of selected student leaders of the high school department of southville international school and colleges (SISC) academic year 2014-2015 / cKristel Roelandz O. Velasquez. aLas Piñas, Philippines :bSISC,c2015. a49 pages : billustrations ;c28 cm. aIncludes bibliographical references and appendices. aLeadership  aOrganizational Commitment